Aplicación de la constructibilidad en proyectos de urbanización
Guardado en:
| Hovedforfatter: | |
|---|---|
| Format: | Bog |
| Udgivet: |
[San José, Costa Rica]
2007
|
| Fag: | |
| Tags: |
Tilføj Tag
Ingen Tags, Vær først til at tagge denne postø!
|
MARC
| LEADER | 00000nam a2200000Ia 4500 | ||
|---|---|---|---|
| 003 | 009958 | ||
| 005 | 20221231144107.0 | ||
| 008 | 140114s2007 cr a 000 ||s d | ||
| 040 | |c cru CEDI | ||
| 090 | |a TFG 5487 | ||
| 100 | |a Zúñiga Romero, Pablo Andrés |9 4787 | ||
| 245 | |a Aplicación de la constructibilidad en proyectos de urbanización | ||
| 260 | |c 2007 |b [San José, Costa Rica] | ||
| 300 | |a 158, [15] hojas, xvi; ilustraciones a color | ||
| 500 | |a Tesis (licenciatura en ingeniería civil)--Universidad de Costa Rica. Facultad de Ingeniería. Escuela de Ingeniería Civil | ||
| 650 | |x CONSTRUCTIBILIDAD (TEORIA DE CONJUNTOS) |x INVESTIGACIONES |x INDUSTRIA DE LA CONSTRUCCION |x ADMINISTRACION DE PROYECTOS |9 4788 | ||
| 942 | |c TFG | ||
| 999 | |c 16787 |d 16787 | ||
